000 00866nam a22001937a 4500
005 20240703114359.0
010 _aHIN-127908
020 _c525.00
_a9789354092275
035 _aHN-100254
037 _bDBAD
082 _a954
100 _aतंवर, रघुवेन्द्र
_968025
245 _aभारत विभाजन की कहानी/
_cराघुवेंद्र तंवर
260 _aनई दिल्ली
_bसुचना और प्रसारण मंत्रालय भारत सरकार
_c2021
270 _aसुचना भवन, सी. जी. ओ. काम्प्लेक्स, लोधी रोड,
_bनई दिल्ली
_e110003
300 _a236 पृ.
_c29 सेमी. (सजिल्द)
700 _967976
942 _2ddc
_cHN
_h954
_mतंवर
999 _c203884
_d203884